Kết quả chẩn đoán bệnh chết rũ và thối gốc ớt /
Сохранить в:
| Главный автор: | |
|---|---|
| Другие авторы: | , |
| Формат: | Статья |
| Язык: | Vietnamese |
| Метки: |
Добавить метку
Нет меток, Требуется 1-ая метка записи!
|
| Thư viện lưu trữ: | Thư viện Trường Đại học Đà Lạt |
|---|
| LEADER | 00790nam a2200253 4500 | ||
|---|---|---|---|
| 001 | DLU130146565 | ||
| 005 | ##20130328 | ||
| 040 | # | # | |a DLU |b vie |
| 041 | # | # | |a vie |
| 044 | # | # | |a vn |
| 100 | # | # | |a Nguyễn Vĩnh Trường. |
| 245 | # | # | |a Kết quả chẩn đoán bệnh chết rũ và thối gốc ớt / |c Nguyễn Vĩnh Trường, L.W. Burgess, ECY. Liew. |
| 700 | # | # | |a ECY. Liew. |
| 700 | # | # | |a L.W. Burgess |
| 773 | # | # | |t Hội thảo quốc gia: Bệnh cây và phân học sinh tử, |g 2008, tr. 56-60 |
| 920 | # | # | |a Phòng Tạp chí -- Trung tâm Thông tin - Thư viện Trường Đại học Đà Lạt |
| 994 | # | # | |a DLU |
| 900 | # | # | |a True |
| 911 | # | # | |a Nguyễn Thị Mai Anh |
| 925 | # | # | |a G |
| 926 | # | # | |a A |
| 927 | # | # | |a BB |
| 980 | # | # | |a Thư viện Trường Đại học Đà Lạt |